व्यवसाय प्रशासन : प्रकल्प व्यवस्थापन - II ( M. Com. ) (Record no. 362308)

MARC details
000 -LEADER
fixed length control field 00510nam a22001577a 4500
005 - DATE AND TIME OF LATEST TRANSACTION
control field 20241217103501.0
008 - FIXED-LENGTH DATA ELEMENTS--GENERAL INFORMATION
fixed length control field 241217b |||||||| |||| 00| 0 eng d
020 ## - INTERNATIONAL STANDARD BOOK NUMBER
International Standard Book Number 978-93-48016-13-3
041 ## - LANGUAGE CODE
Language code of text/sound track or separate title mar
100 ## - MAIN ENTRY--PERSONAL NAME
Author टाकळकर, शिवाजी आणि इतर
245 ## - TITLE STATEMENT
Title व्यवसाय प्रशासन : प्रकल्प व्यवस्थापन - II ( M. Com. )
250 ## - EDITION STATEMENT
Edition statement 1st ed.
260 ## - PUBLICATION, DISTRIBUTION, ETC.
Place of publication, distribution, etc. Pune
Name of publisher, distributor, etc. Success
300 ## - PHYSICAL DESCRIPTION
Extent 4.18
942 ## - ADDED ENTRY ELEMENTS (KOHA)
Koha item type Books
Holdings
Withdrawn status Lost status Source of classification or shelving scheme Damaged status Not for loan Home library Current library Date acquired Vendor Cost, normal purchase price Bill number Barcode Date last seen Bill Date Koha item type Original Barcode
    Dewey Decimal Classification     Shri Siddhivinayak Mahila Mahavidyalaya Shri Siddhivinayak Mahila Mahavidyalaya 17/12/2024 Success 140.00 19589 SSMM-BK-32021 03/11/2025 17/12/2024 Books 010032021